[Event "Dois Irmaos Regional Sul"]
[Site "Dois Irmaos"]
[Date "2012.??.??"]
[Round "3"]
[White "Goetz, Fabio"]
[Black "Dalalio, Guilherme"]
[Result "1-0"]
[WhiteElo "1951"]
[BlackElo "1800"]
[PlyCount "91"]
[EventDate "2012.10.12"]
[EventType "swiss"]
[EventRounds "6"]
[EventCountry "BRA"]
[SourceTitle "EXT 2013"]
[Source "ChessBase"]
[SourceDate "2012.11.22"]
[SourceVersion "1"]
[SourceVersionDate "2012.11.22"]
[SourceQuality "1"]

1. f4 c5 2. Nf3 Nc6 3. e4 g6 4. d3 Bg7 5. Be2 d6 6. 0-0 Nf6 7. c3 0-0 8. Kh1 Rb8 9. Be3 Bd7 10. Na3 a6 11. Nc2 b5 12. Nd2 b4 13. d4 bxc3 14. bxc3 cxd4 15. cxd4 Qc8 16. Rc1 Bg4 17. d5 Nd8 18. Bd4 Bxe2 19. Qxe2 a5 20. Na3 Qg4 21. Qxg4 Nxg4 22. Bxg7 Kxg7 23. h3 Nf6 24. Rc7 Rb2 25. Nac4 Rxa2 26. Rxe7 Re8 27. Rxe8 Nxe8 28. Rb1 f6 29. Rb8 Nf7 30. Rxe8 a4 31. Kh2 h5 32. Re7 Kf8 33. Ra7 h4 34. Nf3 Re2 35. Nfd2 g5 36. fxg5 Nxg5 37. Rxa4 Nxe4 38. Nxe4 Rxe4 39. Ra8+ Kg7 40. Nxd6 Re5 41. Ra5 f5 42. Nc4 Re4 43. Nd2 Rf4 44. Nf3 Kf6 45. Ra6+ Ke7 46. Rh6 1-0

[Event "Dois Irmaos Regional Sul"]
[Site "Dois Irmaos"]
[Date "2012.??.??"]
[Round "2"]
[White "Pertuzatti, Daniel"]
[Black "Dalalio, Guilherme"]
[Result "1-0"]
[WhiteElo "2017"]
[BlackElo "1800"]
[PlyCount "61"]
[EventDate "2012.10.12"]
[EventType "swiss"]
[EventRounds "6"]
[EventCountry "BRA"]
[SourceTitle "EXT 2013"]
[Source "ChessBase"]
[SourceDate "2012.11.22"]
[SourceVersion "1"]
[SourceVersionDate "2012.11.22"]
[SourceQuality "1"]

1. e4 e5 2. f4 exf4 3. Bc4 Qh4+ 4. Kf1 d6 5. Nf3 Bg4 6. Nc3 Bxf3 7. Qxf3 Nf6 8. Nb5 Na6 9. e5 Qh5 10. exf6 Qxf3+ 11. gxf3 gxf6 12. d3 Bh6 13. Bd2 Rf8 14. Re1+ Kd7 15. Nd4 Rfe8 16. Rxe8 Rxe8 17. Nf5 Bf8 18. Bxa6 bxa6 19. Bxf4 Rb8 20. b3 Rb4 21. Bd2 Rb5 22. Ne3 Bh6 23. c4 Re5 24. Kf2 Rh5 25. Nf1 Bf8 26. Ng3 Rc5 27. d4 Rc6 28. d5 Rb6 29. Bc3 Be7 30. Nf5 Bd8 31. Rg1 1-0